Guess the Disney Movie by the Villain - Statistics

General Stats
  • This quiz has been taken 191 times
  • The average score is 15 of 22
Answer Stats
Antagonist Movie % Correct
Scar The Lion King
99%
Jafar Aladdin
95%
Gaston Beauty and the Beast
89%
Maleficent Sleeping Beauty
89%
Queen of Hearts/The Red Queen Alice in Wonderland
83%
Ursula The Little Mermaid
83%
Prince Hans Frozen
82%
Shan Yu Mulan
79%
Mother Gothel Tangled
76%
Shere Khan The Jungle Book
69%
King Candy Wreck-It Ralph
69%
Ernesto de la Cruz Coco
68%
Lady Tremaine Cinderella
60%
Assistant Mayor Bellwether Zootopia
58%
Doctor Facilier The Princess and the Frog
55%
Buddy Pine/Syndrome The Incredibles
54%
Chef Skinner Ratatouille
52%
Mor'du Brave
44%
"AUTO" / Autopilot Wall-E
43%
Governor Ratcliffe Pocahontas
42%
Robert Callaghan Big Hero 6
37%
Muntz Up
26%
No matching quizzes found
Score Distribution
Percent of People with Each Score
Percentile by Number Answered
Your Score History
You have not taken this quiz